000 00330nam a2200145Ia 4500
008 230718s9999 xx 000 0 und d
041 _aEng.
082 _a346.4
_bSIN-C
100 _aSingh,M.P
245 0 _aConstitution of india
260 _aPakistan
_bDelhi Law House
_c2012
300 _a1229
650 _aLaw
999 _c30186
_d30186